A raccolta! Antologia per uso delle scuole secondarie inferiori : riccamente illustrata con molte riproduzioni di quadri, sculture, architetture classiche e moderne

Gespeichert in:
Bibliographische Detailangaben
Weitere Verfasser: Mucchi, A. Rabizzani, Giovanni (IllustratorIn, HerausgeberIn)
Format: Buch
Sprache:Italienisch
Erschienen: Lanciano : Carabba Rocco, 1913
Katalog:EDISCO:  Suchergebnis im Bibliothekskatalog
Schulbuchspezifische Eigenschaften:
Schlagworte:
Tags: Tag hinzufügen
Keine Tags, Fügen Sie den ersten Tag hinzu!
Hinzugefügt zu:30.04.2016
Geändert in:18.10.2017

MARC

LEADER 00000aam a22000001 4500
001 00240
003 OSt
005 20171018092552.0
008 160501s1913 it 000 0 ita
040 |c Antonio Parlati - L'Acquila 
041 1 |a ita 
245 0 0 |a A raccolta! Antologia per uso delle scuole secondarie inferiori :  |b riccamente illustrata con molte riproduzioni di quadri, sculture, architetture classiche e moderne /   |c a cura di Giovanni Rabizzani ; copertina a colori del pittore A. Mucchi  
260 |a Lanciano :  |b Carabba Rocco,  |c 1913 
300 |a XV, 831 p., 1/1 ;   |c in 16° 
510 3 |a -3 
650 4 |a Arte  |9 12 
655 |a Antologia  |9 32 
690 7 |a Secondaria inferiore  |9 97 
700 1 |a Mucchi, A.  |e Illustrator  |9 419  |a Rabizzani, Giovanni  |9 173  |e Editor 
901 |a 1 
942 |2 ddc  |c BK 
546 |a ita 
999 |c 234  |d 234 
999 |c edisco:234  |d 234